LEADER 01102nam a2200241 4500 001 000000338939 003 CaOOAMICUS 005 20200121162249.0 008 200121s2019 it 000 u ita r 020 $a978-88-93131-11-7 040 $aSeMil$bita 100 1 $aMicheletti, Gustavo,$d<1956- >.$0(OLS)http://semarc/name/110770 245 13$aLa sventura e la grazia : $bcome credere in un Dio assente : un saggio su Simone Weil /$cGustavo Micheletti. 264 1$aTrieste :$bAsterios,$c2019. 300 $a302 p. ;$c21 cm 600 14$aWeil, Simone <1909-1943>.$0(OLS)http://semarc/subject/8687 830 0$aPiccola bibliothiki ;$v58.$0(OLS)http://semarc/title/427079 850 $aSeMil 852 $aSeMil$W1$xVenegono$y1$m2P II 952$j218504$B230429$CSeMilBibl$Z2$F230429 $81 996 $6020$a978-88-93131-11-7$9(OLS)http://semarc/number/289664 996 $6245$aLa sventura e la grazia : $bcome credere in un Dio assente : un saggio su Simone Weil$9(OLS)http://semarc/title/427740 996 $6264$aTrieste :$bAsterios$9(OLS)http://semarc/publisher/58710 LEADER 01253nam a2200277 i 4500 001 000000080673 003 CaOOAMICUS 005 20170914000000.0 008 170914s2016 it u000 u ita u 013 $a52911 020 $a978-88-372-2949-8 040 $aSeMil$bita 100 1 $aMartini, Carlo Maria,$c.$0(OLS)http://semarc/name/89159 245 10$aSulla tua Parola /$cCarlo Maria Martini ; introduzione di Carlo Mario Mozzanica. 260 $aBrescia :$bMorcelliana,$c2016. 300 $a65 p. ;$c19 cm. 490 0 $aScritture profetiche ;$v4 650 4$aMartini, Carlo Maria - Scritti, discorsi, omelie, lettere pastorali, etc.$0(OLS)http://semarc/subject/6501 700 1 $aMozzanica, Carlo Mario.$0(OLS)http://semarc/name/44641 830 0$aScritture profetiche ;$v4.$0(OLS)http://semarc/title/404077 850 $aSeMil 852 $aSeMil$W1$xVenegono$y1$m2F II 658$j46088$B46088$CSeMilBibl$Z2$F48270 $81 961 $aOmaggio: Delpini mons. Mario 996 $6020$a978-88-372-2949-8$9(OLS)http://semarc/number/270829 996 $6245$aSulla tua Parola$9(OLS)http://semarc/title/404076 996 $6260$aBrescia :$bMorcelliana$9(OLS)http://semarc/publisher/29629